Leonardo DiCaprio's characters - Statistics

General Stats
  • This quiz has been taken 14 times
  • The average score is 7 of 15
Answer Stats
Answer % Correct
Titanic
91%
Catch Me If You Can
82%
Romeo + Juliet
82%
The Great Gatsby
73%
The Wolf of Wall Street
64%
Django Unchained
45%
One Battle After Another
45%
Gangs of New York
36%
Inception
36%
Once Upon a Time... in Hollywood
36%
Shutter Island
36%
The Revenant
36%
Don't Look Up
27%
Killers of the Flower Moon
27%
The Departed
27%
No matching quizzes found
Score Distribution
Percent of People with Each Score
Percentile by Number Answered
Your Score History
You have not taken this quiz